The toughest Naruto quiz - Statistics

General Stats
  • This quiz has been taken 2,469 times
  • The average score is 5 of 15
Answer Stats
Hint Answer % Correct
founder of akatsuki yahiko
67%
uzumaki clan member; war orphan nagato
60%
Izanagi and _________ izanami
59%
Dark Shadow of the Leaf Danzo
55%
leaf jounin;genjutsu kurenai
52%
"one thousand birds" chidori
49%
tenzo;awkward face yamato
47%
Crystal styke user in Shippuden Guren
45%
plays dead; puppets chiyo
32%
Kotoamatskumi shisui uchiha
26%
friend killer in the ANBU kakashi hatake
22%
inventor of all ninshu sage of six paths
18%
Acorns might guy
13%
strongest summoning(probably) Monkey king Emma
1%
kushina uzumaki red hot habareno
1%
No matching quizzes found
Score Distribution
Percent of People with Each Score
Percentile by Number Answered
Your Score History
You have not taken this quiz